I Conference of Natural Resources and Development: food, water and energy security. Integrated science for sustainability
Guardat en:
| Autor corporatiu: | |
|---|---|
| Format: | Llibre |
| Idioma: | anglès |
| Publicat: |
Viña del Mar
CNRD
2013
|
| Edició: | 1a. ed |
| Matèries: | |
| Etiquetes: |
Afegir etiqueta
Sense etiquetes, Sigues el primer a etiquetar aquest registre!
|
MARC
| LEADER | 00000cam a2200000 a 4500 | ||
|---|---|---|---|
| 001 | UCD9529 | ||
| 003 | CL-VaPUC | ||
| 008 | 170626e20130000cl |||||||||||||||||eng|d | ||
| 082 | 0 | 4 | |a 333.72 |b CEN |2 21 |
| 110 | 2 | |a Center for Natural Resources and Development |e author |9 593193 | |
| 245 | 1 | 0 | |a I Conference of Natural Resources and Development: food, water and energy security. Integrated science for sustainability |
| 250 | |a 1a. ed | ||
| 300 | |a 137 p | ||
| 942 | |c BK | ||
| 945 | |d 20170626 01:10:00 |a dcastane | ||
| 260 | |a Viña del Mar |b CNRD |c 2013 | ||
| 650 | 0 | |a Recursos naturales |9 255232 | |
| 650 | 0 | |a Alimentos |9 256203 | |
| 650 | 0 | |a Agua |9 257149 | |
| 650 | 0 | |a Energía |9 259431 | |
| 650 | 0 | |a Medio ambiente |9 257625 | |
| 583 | |a last modification |c 20170626 01:10:00 |k Rodrigo Vera | ||
| 999 | |c 368658 |d 368656 | ||
| 952 | |0 0 |1 0 |3 erb |4 0 |6 333_720000000000000_CEN_2013 |7 0 |8 A |9 484048 |a BIBAGR |b BIBAGR |i 5401399 |o 333.72 CEN 2013 |p 5401399 |r 2025-01-20 |w 2019-11-24 |y BK |z Catalogado en:20170626 |k AGR | ||